书目信息 |
| 题名: |
命运的支点
|
|
| 作者: | 高旺贵 编著 | |
| 分册: | ||
| 出版信息: | 北京 企业管理出版社 2006.04 |
|
| 页数: | 260页 | |
| 开本: | 23cm | |
| 丛书名: | ||
| 单 册: | ||
| 中图分类: | B921 | |
| 科图分类: | ||
| 主题词: | 命运--研究 , 命运 | |
| 电子资源: | ||
| ISBN: | 7-80197-381-X | |
| 000 | 00837nam0 2200277 450 | |
| 001 | 003168895 | |
| 005 | 20060802140259.0 | |
| 010 | @a7-80197-381-X@dCNY33.80 | |
| 100 | @a20060210d2006 em y0chiy0110 ea | |
| 101 | 0 | @achi |
| 102 | @aCN@b110000 | |
| 105 | @ay z 000yy | |
| 106 | @ar | |
| 200 | 1 | @a命运的支点@Aming yun de zhi dian@f高旺贵编著 |
| 210 | @a北京@c企业管理出版社@d2006.04 | |
| 215 | @a260页@d23cm | |
| 312 | @a封面英文题名:Fulcrum of fate | |
| 330 | @a本书谈论了命运的相关问题,包括“咬定青山不放松”、“用知识打开幸福之门”、“走出血统论的阴影”、“天才为何多悲剧”等等。 | |
| 510 | 1 | @aFulcrum of fate@zeng |
| 606 | 0 | @a命运@x研究 |
| 606 | 0 | @a命运 |
| 690 | @aB921@v4 | |
| 701 | 0 | @a高旺贵@Agao wang gui@4编著 |
| 801 | 0 | @aCN@bJiuFeng@c20060803 |
| 905 | @aBZT@dB921@e2@f10 | |
| 906 | @dCNY33.80@n0@r1 | |
| 命运的支点/高旺贵编著.-北京:企业管理出版社,2006.04 |
| 260页;23cm |
| ISBN 7-80197-381-X:CNY33.80 |
| 本书谈论了命运的相关问题,包括“咬定青山不放松”、“用知识打开幸福之门”、“走出血统论的阴影”、“天才为何多悲剧”等等。 |
| ● |
| 相关链接 |
|
|
|
正题名:命运的支点
索取号:B921/2
 
预约/预借
| 序号 | 登录号 | 条形码 | 馆藏地/架位号 | 状态 | 备注 |
| 1 | 734660 | 2000734660 | 中心书库南/007架B面3层3列/ [索取号:B921/2] | 在馆 | |
| 2 | 734661 | 2000734661 | 中心书库南/007架B面3层3列/ [索取号:B921/2] | 在馆 | |
| 3 | 734662 | 2000734662 | 中心书库南/007架B面3层3列/ [索取号:B921/2] | 在馆 | |
| 4 | 734663 | 2000734663 | 中心书库南/007架B面3层3列/ [索取号:B921/2] | 在馆 | |
| 5 | 734664 | 2000734664 | 中心书库南/007架B面3层3列/ [索取号:B921/2] | 在馆 | |
| 6 | 734665 | 2000734665 | 中心书库南/007架B面3层3列/ [索取号:B921/2] | 在馆 | |
| 7 | 734666 | 2000734666 | 中心书库南/007架B面3层3列/ [索取号:B921/2] | 在馆 | |
| 8 | 734667 | 2000734667 | 中心书库南/007架B面3层3列/ [索取号:B921/2] | 在馆 | |
| 9 | 734668 | 2000734668 | 中心书库南/007架B面3层3列/ [索取号:B921/2] | 在馆 | |
| 10 | 734669 | 2000734669 | 中心书库南/007架B面3层3列/ [索取号:B921/2] | 在馆 |